University Home | Library Home | Institutional Repository

The Eichmann trial / (Record no. 184205)

MARC details
000 -LEADER
fixed length control field 00766cam3a220022900 4500
001 - CONTROL NUMBER
control field qce00409708
005 - DATE AND TIME OF LATEST TRANSACTION
control field 20190830102949.0
008 - FIXED-LENGTH DATA ELEMENTS--GENERAL INFORMATION
fixed length control field 720121s1964 enk 000 0 eng u
010 ## - LIBRARY OF CONGRESS CONTROL NUMBER
LC control number 65053367
035 ## - SYSTEM CONTROL NUMBER
System control number (Sirsi) r111160
035 ## - SYSTEM CONTROL NUMBER
System control number (QCAT)lss00153972
035 ## - SYSTEM CONTROL NUMBER
System control number (UPRA)qce00409708
040 ## - CATALOGING SOURCE
Modifying agency UPRA
100 1# - MAIN ENTRY--PERSONAL NAME
Personal name Papadatos, Petros Achilleos, 1924-
Dates associated with a name Papadatos, Petros Achilleos, 1924-
Linkage A71453.1
245 14 - TITLE STATEMENT
Title The Eichmann trial /
Statement of responsibility, etc. by Peter Papadatos.
260 ## - PUBLICATION, DISTRIBUTION, ETC.
Place of publication, distribution, etc. London :
Name of publisher, distributor, etc. Stevens,
Date of publication, distribution, etc. 1964.
504 ## - BIBLIOGRAPHY, ETC. NOTE
Bibliography, etc. note Bibliography: p. 125-129.
504 ## - BIBLIOGRAPHY, ETC. NOTE
Bibliography, etc. note Bibliographical footnotes.
600 10 - SUBJECT ADDED ENTRY--PERSONAL NAME
Personal name Eichmann, Adolf, 1906-1962.
Dates associated with a name Eichmann, Adolf, 1906-1962.
Linkage S47079.1
949 ## - LOCAL PROCESSING INFORMATION (OCLC)
a K647
w lcc
i 33729001723894
m MAIN
p 2500
t BOOK
l ON-SHELF

No items available.

© 2026 - The University of Zambia Library - Koha v25.11